<?xml version="1.0" encoding="UTF-8"?>
<collection xmlns="http://www.loc.gov/MARC21/slim">
 <record>
  <leader>01143nmm a22003495u 4500</leader>
  <controlfield tag="001">springer.978-88-470-0518-1</controlfield>
  <controlfield tag="003">Springer</controlfield>
  <controlfield tag="005">20100326160047.0</controlfield>
  <controlfield tag="007">cr#nn#008mamaa</controlfield>
  <controlfield tag="008">100301s2006    xx         j        ita#d</controlfield>
  <datafield tag="020" ind1=" " ind2=" ">
   <subfield code="a">9788847005198</subfield>
  </datafield>
  <datafield tag="100" ind1="1" ind2=" ">
   <subfield code="a">Martino, Fabio.</subfield>
  </datafield>
  <datafield tag="245" ind1="1" ind2="0">
   <subfield code="a">Ecografia dellapparato osteoarticolare</subfield>
   <subfield code="h">[electronic resource] :</subfield>
   <subfield code="b">Anatomia, semeiotica e quadri patologici /</subfield>
   <subfield code="c">by Fabio Martino, Enzo Silvestri, Walter Grassi, Giacomo Garlaschi.</subfield>
  </datafield>
  <datafield tag="260" ind1=" " ind2=" ">
   <subfield code="a">Milano :</subfield>
   <subfield code="b">Springer-Verlag Italia,</subfield>
   <subfield code="c">2006.</subfield>
  </datafield>
  <datafield tag="300" ind1=" " ind2=" ">
   <subfield code="b">v.: digital</subfield>
  </datafield>
  <datafield tag="650" ind1=" " ind2="0">
   <subfield code="a">Medicine</subfield>
  </datafield>
  <datafield tag="650" ind1=" " ind2="0">
   <subfield code="a">Radiology, Medical</subfield>
  </datafield>
  <datafield tag="650" ind1=" " ind2="0">
   <subfield code="a">Diagnosis, Ultrasonic</subfield>
  </datafield>
  <datafield tag="650" ind1=" " ind2="0">
   <subfield code="a">Orthopedics</subfield>
  </datafield>
  <datafield tag="650" ind1=" " ind2="0">
   <subfield code="a">Rheumatology</subfield>
  </datafield>
  <datafield tag="650" ind1=" " ind2="0">
   <subfield code="a">Sports medicine</subfield>
  </datafield>
  <datafield tag="650" ind1="1" ind2="4">
   <subfield code="a">Medicine &amp; Public Health</subfield>
  </datafield>
  <datafield tag="650" ind1="2" ind2="4">
   <subfield code="a">Imaging / Radiology</subfield>
  </datafield>
  <datafield tag="650" ind1="2" ind2="4">
   <subfield code="a">Ultrasound</subfield>
  </datafield>
  <datafield tag="650" ind1="2" ind2="4">
   <subfield code="a">Rheumatology</subfield>
  </datafield>
  <datafield tag="650" ind1="2" ind2="4">
   <subfield code="a">Orthopedics</subfield>
  </datafield>
  <datafield tag="650" ind1="2" ind2="4">
   <subfield code="a">Sports Medicine</subfield>
  </datafield>
  <datafield tag="700" ind1="1" ind2=" ">
   <subfield code="a">Silvestri, Enzo.</subfield>
  </datafield>
  <datafield tag="700" ind1="1" ind2=" ">
   <subfield code="a">Grassi, Walter.</subfield>
  </datafield>
  <datafield tag="700" ind1="1" ind2=" ">
   <subfield code="a">Garlaschi, Giacomo.</subfield>
  </datafield>
  <datafield tag="710" ind1="2" ind2=" ">
   <subfield code="a">SpringerLink (Online service)</subfield>
  </datafield>
  <datafield tag="856" ind1="4" ind2="0">
   <subfield code="u">http://dx.doi.org/10.1007/88-470-0519-1</subfield>
   <subfield code="y">SpringerLink, via BECYT</subfield>
  </datafield>
 </record>
</collection>
